MARC

LEADER 00000nam0a2200000 4500
001 86392
005 20231031101546.0
010 |a 5756703306  |b 3000 экз. 
021 |a RU  |b 04-77515  |9 04-3825 
035 |a (RuTPU)RU\TPU\book\92786 
090 |a 86392 
100 |a 20051128d2004 m y0rusy5002 ca 
101 0 |a rus 
102 |a RU 
105 |a a j 001zy 
200 1 |a Дешифрование аэрокосмических снимков  |e учебное пособие для вузов  |f И. А. Лабутина 
210 |a Москва  |c Аспект Пресс  |d 2004 
215 |a 184 с.  |c ил. 
320 |a Библиогр.: с. 182 
610 1 |a аэрокосмические снимки 
610 1 |a аэроснимки 
610 1 |a дешифрирование 
610 1 |a дешифровочные свойства 
610 1 |a влияющие факторы 
610 1 |a аэрокосмическая съемка 
610 1 |a материалы 
610 1 |a дешифровочные признаки 
610 1 |a технология 
610 1 |a методики 
610 1 |a визуальное дешифрирование 
610 1 |a цифровые снимки 
610 1 |a разновременные снимки 
610 1 |a результаты 
610 1 |a надежность 
610 1 |a лабораторные работы 
610 1 |a учебные пособия 
675 |a 528.77(075.8)  |v 3  |z rus 
700 1 |a Лабутина  |b И. А.  |g Ирина Алексеевна  |4 070 
801 0 |a RU  |b RKP  |c 20050127  |g PSBO 
801 1 |a RU  |b 63413507  |c 20051128  |g PSBO 
801 2 |a RU  |b 63413507  |c 20191224  |g PSBO 
900 |a География и учение об атмосфере 
942 |c BK 
951 |b 020401